=LDR 00000nam 2200000 4500 =001 INLIS000000000061080 =005 20220707011802 =035 ##$$a 0010-0722000001 =007 ta =008 220707################g##########0#ind## =020 ##$$a 979-511-995-8 =082 ##$$a 398.309 598 24 =084 ##$$a 398.309 598 24 MAD d =100 #$$a Mad Yusuf =245 1#$$a Dongeng klasik indonesia cindelaras /$c Mad Yusuf, Susi Gunadi =250 ##$$a Cet. 1 =260 ##$$a Jakarta :$b Gramedia Pustaka Utama,$c 1995 =300 ##$$a 61 hlm. : $b ilus ; $c 28 x 23 cm. =700 #$$a Susi Gunadi =600 #4$$a Dongeng Klasik =990 ##$$a 08100810